Eishockey: DEL-Teams 2019/2020 - Statistiken

Allgemein
  • Dieses Quiz wurde 1.015 mal gespielt
  • Das Durchschnittsergebnis liegt bei 12 aus 14
Antwortstatistiken
Team Stadt % Korrekt
Eisbären Berlin
98%
EHC Red Bull München
98%
Haie Köln
97%
Adler Mannheim
96%
DEG Düsseldorf
92%
Grizzlys Wolfsburg
89%
Fischtown Pinguins Bremerhaven
87%
Panther Augsburg
85%
ERC Ingolstadt
84%
Roosters Iserlohn
84%
Thomas Sabo Ice Tigers Nürnberg
84%
Pinguine Krefeld
83%
Wild Wings Schwenningen
82%
Tigers Straubing
76%
Keine übereinstimmenden Quizze gefunden
Verteilung der Resultate
Anzahl Personen mit jedem Resultat
Perzentil nach korrekt beantworteten Fragen
Ihre Resultats-Entwicklung
Sie haben dieses Quiz noch nicht gespielt